AP Art History 250 - Statistics

General Stats
  • This quiz has been taken 255 times
  • The average score is 45 of 250
Answer Stats
Picture Answer % Correct
stonehenge
83%
Apollo 11 stones
63%
colosseum
63%
starry night
61%
the scream
58%
jade cong
56%
pyramids
56%
running Horned woman
56%
the kiss
56%
the kiss
56%
david
55%
last supper
55%
seated scribe
55%
parthenon
54%
birth of venus
52%
pantheon
52%
code of hammurabi
48%
Adam and eve
46%
hagia sophia
45%
taj mahal
45%
the swing
45%
anthropomorphic stele
44%
school of athens
43%
George washington
42%
ambum stone
40%
olympia
40%
machu picchu
39%
seated boxer
39%
terracotta fragment
39%
great hall of bulls
37%
liberty leading the people
36%
the great wave
36%
beaker with Ibex motifs
35%
standard of ur
35%
fallingwater
33%
las meninas
33%
petra
33%
slave ship
33%
the bay
33%
the two fridas
33%
self portrait
31%
goldfish
30%
monticello
30%
votive figures
30%
arnolfini portrait
29%
fountain
29%
hunters in the snow
29%
sunflower seeds
29%
the oxbow
29%
calling of saint matthew
27%
dome of the rock
27%
object
27%
pink panther
27%
spiral jetty
27%
terracotta warriors
27%
the kaaba
27%
the stone breakers
27%
tlatilco female figurine
25%
angkor wat
24%
camelid sacrum in the Shape of a canine
24%
forbidden city
24%
rottgen pieta
24%
venus of urbino
24%
white temple and ziggurat
24%
alhambra
23%
fruit and insects
23%
head of a roman patrician
23%
the David vases
23%
the horse in motion
23%
Augustus of primaporta
22%
doryphoros
21%
Santa sabina
21%
Alexander mosaic
20%
Bayeux tapestry
20%
ecstasy of saint teresa
20%
forum of trajan
20%
lipstick
20%
oath of the horatii
20%
palette of narmer
20%
peplos kore
20%
sarcophagus of the spouses
20%
the gates
20%
the portuguese
20%
winged victory of samothrace
20%
woman holding a balance
20%
woman i
20%
golden stool
19%
Marilyn diptych
19%
the steerage
19%
corned beef
18%
Tete a tete
18%
burghers of calais
17%
composition with red blue and yellow
17%
king menkaure and queen
17%
narcissus garden
17%
San vitale
17%
temple of minerva
17%
the jungle
17%
transformation mask
17%
grave stele of hegeso
16%
great serpent mound
16%
last judgement of hunefer
16%
Seagram building
16%
temple of amun re
16%
virgin of guadalupe
16%
Athenian agora
15%
codex mendoza
15%
improvisation 28
15%
annunciation triptych
14%
church of Sainte foy
14%
dancing at the louvre
14%
electronic superhighway
14%
golden haggadah
14%
lammasu
14%
Lindisfarne gospels
14%
self portrait as a soldier
14%
self portrait with saskia
14%
shibboleth
14%
summer trees
14%
temple of hatshepsut
14%
the coiffure
14%
the swing after fragonard
14%
tomb of the triclinium
14%
villa savoye
14%
chartes cathedral
13%
horn players
13%
Madonna and child with two angels
13%
maize cobs
13%
staff god
13%
the saint Lazare station
13%
angel with arquebus
12%
bandolier bag
12%
ludovisi battle sarcophagus
12%
Vienna genesis
12%
basin
11%
catacomb of priscilla
11%
darkytown rebellion
11%
Earth's creation
11%
great mosque of cordoba
11%
great mosque of djenne
11%
house of the vettii
11%
isenheim altarpiece
11%
navigation chart
11%
old mans cloth
11%
palazzo rucellai
11%
power figure
11%
spaniard and Indian produce a mestizo
11%
stadia ii
11%
still life in studio
11%
the results of the first five year plan
11%
todai ji
11%
vietnam veterans memorial
11%
where do we come from
11%
book from the sky
10%
funeral banner of lady dai
10%
la grande odalisque
10%
lying with the wolf
10%
Merovingian looped fibulae
10%
mosque of Selim ii
10%
palace of westminster
10%
pyxis of al mughira
10%
the crossing
10%
theotokos
10%
bundu mask
9%
gold and jade crown
9%
great zimbabwe
9%
painted elk hide
9%
pazzi chapel
9%
preying mantra
9%
the palace at versailles
9%
aka elephant mask
8%
androgyne iii
8%
audience hall of Darius and xerxes
8%
buk mask
8%
chairman mao en route to anyuan
8%
great stupa at sanchi
8%
il gesu
8%
les demoiselles d'avignon
8%
longmen caves
8%
lukasa memory board
8%
nadar raising photography to the height of art
8%
portrait mask
8%
rebellious silence
8%
San Carlo alle quattro fontane
8%
scrovegni chapel
8%
Sistine chapel frescoes
8%
untitled 228
8%
valley of mexico
8%
akhenaton
7%
black on black ceramic vessel
7%
entombment of christ
7%
female deity
7%
house in new castle county
7%
jowo rinpoche
7%
no crying allowed in the barbershop
7%
pure land
7%
reliquary figure
7%
ryoan ji
7%
travelers among mountains and streams
7%
y no hai remedio
7%
city of cusco
6%
great mosque of isfahan
6%
mesa Verde cliff dwellings
6%
niobedes krater
6%
templo mayor
6%
the court of gayumars
6%
anavysos koruros
5%
aztec feather headdress
5%
borobudur temple
5%
female pwo mask
5%
folio from a quran
5%
lakshmana temple
5%
law and grace
5%
moralized bibles
5%
Nan madol
5%
ndop portrait figure
5%
night attack on the sanjo palace
5%
Pergamon altar
5%
philosopher giving a lecture on the orrery
5%
portrait of sin sukju
5%
portrait of sor Juana ines de la cruz
5%
red and white plum blossoms
5%
siege of belgrade
5%
the ardabil carpet
5%
tutankhamun's tomb
5%
migration series
4%
moai on platform
4%
mont Sainte victoire
4%
presentation of the portrait of Marie de medici
4%
Shiva as Lord of the dance
4%
veranda post of enthroned king and senior wife
4%
bahram gur fights the karg
3%
Guggenheim museum bilbao
3%
tamati Waka nene
3%
ahu ula feather cape
2%
bamiyan buddhas
2%
Carson pirie Scott and company building
2%
chavin de huantar
2%
dream of a Sunday afternoon in the Alameda park
2%
ikenga shrine figure
2%
Jahangir preferring a sufi shaikh to kings
2%
all t'oqapu tunic
1%
benin bronze plaque
1%
hiapo tapa
1%
malagan display and mask
1%
maxxi national museum of xxi century arts
1%
memorial sheet of Karl liebknecht
1%
presentation of Fijian mats and tapa clothes to queen elizabeth
1%
trade gifts for trading land with white people
1%
yaxchilan lintel
1%
No matching quizzes found
Score Distribution
Percent of People with Each Score
Percentile by Number Answered
Your Score History
You have not taken this quiz